000 01088nam a22003257a 4500
003 CHAP
005 20220329135615.0
008 971013s1995 r 00010 d
010 _a39223
011 _a40195
035 _a44320
040 _cCHAP
090 _aTesis
100 0 0 _aLópez Yáñez, Isaac Francisco.
_968435
245 _aTratamientos químicos de postcosecha en Gypsophila paniculata L. cv. perfecta
260 _aChapingo, Méx. :
_bEl autor,
_c1995
300 _a56 h.
502 _aTesis (Ing. Agr. Esp. en Fitotecnia) -- UACH. Departamento de Fitotecnia
590 _aALEPH
_b10
_c20130110
_lUCH01
_h1306
590 _aBATCH-UPD
_b10
_c20130110
_lUCH01
_h1742
590 _aBATCH-UPD
_b10
_c20130410
_lUCH01
_h1121
590 _aBATCH-UPD
_b10
_c20130914
_lUCH01
_h1558
590 _aCONVERSION
_b10
_c20130109
_lUCH01
_h1322
650 1 4 _aGypsophila paniculata.
_952060
650 1 4 _aTecnología postcosecha.
_9111963
901 _aBK
942 _cFOLL
949 _bBC
_cTES
_d-101556
_eTS1
_h27618
_i44320
_si
949 _bBC
_cTES
_d-101558
_eTS2
_fc.2
_h27619
_i44320
_si
999 _c39223
_d39223